[Event "FRA-ch Open A-D 2018"]
[Site "Nimes"]
[Date "2018.08.22"]
[Round "5"]
[White "Pham, Arthur"]
[Black "Bianchi, Guillaume"]
[Result "1-0"]
[WhiteElo "2107"]
[BlackElo "2064"]
[Annotator "NA"]
[PlyCount "65"]
[EventDate "2018.08.18"]
[EventType "tourn"]
[EventCountry "FRA"]
[SourceTitle "playchess.com"]
[Source "ChessBase"]
[SourceQuality "1"]
[TimeControl "40/5400+30:1800+30"]

1. e4 {[%emt 0:00:00]} c5 {[%emt 0:00:00]} 2. Nf3 {[%emt 0:00:00]} e6 {[%emt 0:00:07]} 3. c3 {[%emt 0:00:47]} Nf6 {[%emt 0:02:24]} 4. Bd3 {[%emt 0:07:01]} Nc6 {[%emt 0:06:51]} 5. O-O {[%emt 0:04:36]} d5 {[%emt 0:06:42]} 6. e5 {[%emt 0:01:03]} Nd7 {[%emt 0:00:16] LiveBook: 31 Games} 7. Bb5 {[%emt 0:03:16]} Qc7 {[%emt 0:07:04]} 8. d4 {[%emt 0:05:23]} h6 {[%emt 0:07:07]} 9. a3 {[%emt 0:01:35]} b6 {[%emt 0:02:30]} 10. Re1 {[%emt 0:05:24]} Be7 {[%emt 0:02:21]} 11. Nbd2 {[%emt 0:02:14]} Bb7 $14 {[%emt 0:09:03]} 12. b4 {[%emt 0:02:45]} a5 {[%emt 0:04:49]} 13. bxc5 {[%emt 0:03:15]} bxc5 {[%emt 0:00:23]} 14. Nf1 {[%emt 0:08:13]} Ba6 {[%emt 0:03:40]} 15. Ba4 {[%emt 0:02:14]} Nb6 {[%emt 0:06:43]} 16. Bc2 {[%emt 0:01:24]} Bxf1 {[%emt 0:05:53]} 17. Kxf1 {[%emt 0:01:04]} c4 {[%emt 0:00:14]} 18. a4 {[%emt 0:01:26]} Kd7 {[%emt 0:02:04]} 19. Nd2 {[%emt 0:03:29]} Rab8 {[%emt 0:03:51]} 20. Nb1 {[%emt 0:01:32]} Rb7 {[%emt 0:01:50]} 21. Qg4 {[%emt 0:02:23]} g6 {[%emt 0:00:38]} 22. Ba3 {[%emt 0:03:31]} Qd8 {[%emt 0:01:23]} 23. Bxe7 {[%emt 0:01:36]} Qxe7 {[%emt 0:00:24]} 24. Na3 {[%emt 0:00:31]} Na7 {[%emt 0:00:31]} 25. Re3 {[%emt 0:05:57]} Kc8 {[%emt 0:01:30]} 26. Ree1 {[%emt 0:03:29]} Nd7 {[%emt 0:02:32]} 27. Qf4 {[%emt 0:10:30]} h5 {[%emt 0:01:13]} 28. Ra2 {[%emt 0:04:41]} Kc7 {[%emt 0:01:32]} 29. Nb5+ {[%emt 0:00:56]} Nxb5 {[%emt 0:00:59]} 30. axb5 {[%emt 0:00:04]} Ra8 {[%emt 0:01:11]} 31. Rea1 {[%emt 0:00:38]} Kb6 {[%emt 0:03:30]} 32. Ba4 {[%emt 0:01:25]} Rba7 {[%emt 0:00:55]} 33. Rb1 {[%emt 0:01:26]} 1-0

[Event "FRA-ch Open A-D 2018"]
[Site "Nimes"]
[Date "2018.08.22"]
[Round "5"]
[White "Kollar, Romain"]
[Black "Lux, Hugo de Melo"]
[Result "1/2-1/2"]
[WhiteElo "2065"]
[BlackElo "2147"]
[Annotator "NA"]
[PlyCount "60"]
[EventDate "2018.08.18"]
[EventType "tourn"]
[EventCountry "FRA"]
[SourceTitle "playchess.com"]
[Source "ChessBase"]
[SourceQuality "1"]
[TimeControl "40/5400+30:1800+30"]

1. e4 {[%emt 0:00:00]} c5 {[%emt 0:00:00]} 2. Nf3 {[%emt 0:00:00]} e6 {[%emt 0:00:00]} 3. d4 {[%emt 0:00:03]} cxd4 {[%emt 0:00:00]} 4. Nxd4 {[%emt 0:00:10]} a6 {[%emt 0:00:00]} 5. c4 {[%emt 0:00:06]} Nf6 {[%emt 0:00:00]} 6. Nc3 {[%emt 0:00:21]} Qc7 {[%emt 0:00:00]} 7. a3 {[%emt 0:00:20]} b6 {[%emt 0:00:00]} 8. Be3 {[%emt 0:00:20] LiveBook: 477 Games} Bb7 {[%emt 0:00:01] B41: Sicilian: Kan Variation: 5 c4} 9. f3 {[%emt 0:00:05]} Be7 {[%emt 0:00:21]} (9... Nc6 10. Rc1 Bc5 11. Qd2 O-O 12. Be2 Rac8 13. b4 Bxd4 14. Bxd4 Nxd4 15. Qxd4 {1-0 (33) Ponomariov,R (2694)-Fedorchuk,S (2648) Riadh 2017}) 10. Be2 {[%emt 0:00:37]} O-O {[%emt 0:00:17]} 11. O-O {[%emt 0:00:08]} d6 {[%emt 0:00:37]} 12. Qd2 {[%emt 0:00:31]} Nbd7 {[%emt 0:00:05]} 13. Rfc1 {[%emt 0:00:16]} Rac8 {[%emt 0:00:13]} 14. b4 {[%emt 0:01:43]} Qb8 {[%emt 0:00:18]} 15. Na4 {[%emt 0:01:34]} Bd8 {[%emt 0:01:59]} 16. Nb3 $146 {[%emt 0:03:42]} (16. Rab1 $14) ({Predecessor:} 16. Kh1) 16... Bc7 {[%emt 0:00:32]} 17. Kh1 $15 {[%emt 0:15:29]} Rfe8 {[%emt 0:30:50]} 18. c5 {[%emt 0:32:29]} dxc5 {[%emt 0:05:25]} 19. bxc5 {[%emt 0:02:29]} b5 {[%emt 0:03:43]} 20. c6 {[%emt 0:02:38]} bxa4 {[%emt 0:15:24]} 21. cxb7 {[%emt 0:02:04]} Qxb7 {[%emt 0:00:28]} 22. Na5 {[%emt 0:03:23]} Qa8 {[%emt 0:05:03]} 23. Nc4 {[%emt 0:06:09]} Ne5 {[%emt 0:11:07]} 24. Qb4 {[%emt 0:01:39]} Nxc4 {[%emt 0:03:59]} 25. Bxc4 {[%emt 0:00:08]} Be5 {[%emt 0:03:42]} 26. Rab1 {[%emt 0:00:06]} Qc6 {[%emt 0:09:07]} 27. Bb3 {[%emt 0:02:09]} Qd6 {[%emt 0:00:23]} 28. Bxa4 {[%emt 0:01:34]} Rxc1+ {[%emt 0:02:13]} 29. Rxc1 {[%emt 0:00:21]} Rb8 {[%emt 0:00:10]} 30. Qxd6 {[%emt 0:07:00]} Bxd6 {[%emt 0:00:02]} 1/2-1/2

[Event "FRA-ch Open A-D 2018"]
[Site "Nimes"]
[Date "2018.08.22"]
[Round "5"]
[White "Caron, Damien"]
[Black "Pupier, Terry"]
[Result "0-1"]
[WhiteElo "2038"]
[BlackElo "2068"]
[Annotator "NA"]
[PlyCount "70"]
[EventDate "2018.08.18"]
[EventType "tourn"]
[EventCountry "FRA"]
[SourceTitle "playchess.com"]
[Source "ChessBase"]
[SourceQuality "1"]
[TimeControl "40/5400+30:1800+30"]

1. Nf3 {[%emt 0:01:03]} d6 {[%emt 0:00:00]} 2. d4 {[%emt 0:01:35]} Bg4 {[%emt 0:00:00]} 3. Nbd2 {[%emt 0:06:12]} Nd7 {[%emt 0:03:25]} 4. h3 {[%emt 0:01:16]} Bh5 {[%emt 0:00:20]} 5. c3 {[%emt 0:04:18]} c6 {[%emt 0:05:07] LiveBook: 9 Games} 6. e4 {[%emt 0:05:05]} e5 {[%emt 0:02:24]} 7. Be2 {[%emt 0:05:31]} Ngf6 {[%emt 0:11:06]} 8. O-O {[%emt 0:03:26]} Be7 {[%emt 0:03:01]} 9. Re1 {[%emt 0:00:21]} O-O {[%emt 0:02:10]} 10. Qc2 {[%emt 0:01:19]} Bg6 {[%emt 0:04:33]} 11. Bd3 {[%emt 0:01:35]} Nh5 {[%emt 0:03:34]} 12. g3 {[%emt 0:02:23]} h6 {[%emt 0:03:42]} 13. Nc4 $14 {[%emt 0:05:16]} Qc7 {[%emt 0:02:15]} 14. Ne3 {[%emt 0:01:00]} Rae8 {[%emt 0:03:25]} 15. Ng2 {[%emt 0:09:51]} Bh7 {[%emt 0:06:58]} 16. Bd2 {[%emt 0:09:56]} Bd8 {[%emt 0:02:29]} 17. b4 {[%emt 0:03:55]} exd4 {[%emt 0:07:00]} 18. cxd4 {[%emt 0:00:35]} Nhf6 {[%emt 0:00:35]} 19. Rac1 {[%emt 0:03:52]} Qb8 {[%emt 0:04:50]} 20. g4 {[%emt 0:06:26]} Re7 {[%emt 0:06:18]} 21. g5 {[%emt 0:00:29]} hxg5 {[%emt 0:01:26]} 22. Nxg5 {[%emt 0:00:14]} Rfe8 {[%emt 0:02:35]} 23. Nxh7 {[%emt 0:12:07]} Nxh7 {[%emt 0:00:04]} 24. e5 {[%emt 0:03:57]} Nhf8 {[%emt 0:03:25]} 25. f4 {[%emt 0:01:14]} Bb6 {[%emt 0:04:06]} 26. Be3 {[%emt 0:00:06]} Qd8 {[%emt 0:01:25]} 27. Qf2 {[%emt 0:00:36]} dxe5 {[%emt 0:01:44]} 28. fxe5 {[%emt 0:06:51]} Ne6 {[%emt 0:00:09]} 29. Rcd1 {[%emt 0:02:15]} Ndf8 {[%emt 0:00:31]} 30. Bc2 {[%emt 0:00:40]} Rd7 {[%emt 0:00:46]} 31. Nf4 {[%emt 0:01:23]} Nxd4 {[%emt 0:02:18]} 32. e6 {[%emt 0:00:37]} Ndxe6 {[%emt 0:04:39]} 33. Nxe6 {[%emt 0:00:33]} Rxe6 {[%emt 0:02:43]} 34. Rxd7 {[%emt 0:00:22]} Qxd7 {[%emt 0:00:22]} 35. Bf5 {[%emt 0:00:25]} Rxe3 {[%emt 0:00:18]} 0-1

[Event "FRA-ch Open A-D 2018"]
[Site "Nimes"]
[Date "2018.08.22"]
[Round "5"]
[White "Cassam-Chenai, Eric"]
[Black "Brouard, Gregoire"]
[Result "1/2-1/2"]
[WhiteElo "1914"]
[BlackElo "1898"]
[Annotator "NA"]
[PlyCount "143"]
[EventDate "2018.08.18"]
[EventType "tourn"]
[EventCountry "FRA"]
[SourceTitle "playchess.com"]
[Source "ChessBase"]
[SourceQuality "1"]
[TimeControl "40/5400+30:1800+30"]

1. e4 {[%emt 0:00:00]} e6 {[%emt 0:00:00]} 2. d4 {[%emt 0:00:00]} d5 {[%emt 0:00:00]} 3. e5 {[%emt 0:00:00]} c5 {[%emt 0:00:00]} 4. c3 {[%emt 0:00:00]} Qb6 {[%emt 0:00:00]} 5. Nf3 {[%emt 0:00:00]} Nc6 {[%emt 0:00:00]} 6. a3 {[%emt 0:00:10]} Nh6 {[%emt 0:00:09]} 7. b4 {[%emt 0:00:23]} cxd4 {[%emt 0:00:11]} 8. b5 $11 {[%emt 0:00:16] LiveBook: 4 Partien} Na5 {[%emt 0:05:46]} 9. Bxh6 {[%emt 0:00:30]} gxh6 {[%emt 0:00:11]} 10. cxd4 {[%emt 0:00:09]} Bd7 {[%emt 0:02:25]} 11. Nbd2 {[%emt 0:00:13]} Rg8 {[%emt 0:05:19]} 12. a4 {[%emt 0:14:10]} Bb4 {[%emt 0:12:52]} 13. Rc1 {[%emt 0:09:41]} Rg4 {[%emt 0:04:43]} 14. Bd3 {[%emt 0:04:07]} Rxd4 {[%emt 0:11:16]} 15. Ke2 {[%emt 0:16:29]} Rg4 {[%emt 0:16:22]} 16. g3 {[%emt 0:01:02]} Ba3 {[%emt 0:11:22]} 17. Rb1 {[%emt 0:08:03]} Rc8 {[%emt 0:01:39]} 18. h3 {[%emt 0:00:32]} Rb4 {[%emt 0:03:33]} 19. Rxb4 {[%emt 0:02:15]} Bxb4 {[%emt 0:00:08]} 20. Qb1 {[%emt 0:00:20]} Bxd2 {[%emt 0:05:34]} 21. Nxd2 {[%emt 0:00:17]} Rc3 {[%emt 0:04:02]} 22. Qb4 {[%emt 0:01:09]} Qc7 {[%emt 0:02:15]} 23. f4 {[%emt 0:00:46]} b6 {[%emt 0:00:39]} 24. Rb1 {[%emt 0:00:36]} Qc5 {[%emt 0:01:11]} 25. h4 {[%emt 0:05:58]} Bc8 {[%emt 0:02:52]} 26. g4 {[%emt 0:02:06]} Bb7 {[%emt 0:01:15]} 27. f5 {[%emt 0:11:48]} d4 {[%emt 0:01:50]} 28. Qxc5 {[%emt 0:02:36]} bxc5 {[%emt 0:00:07]} 29. b6 {[%emt 0:00:28]} a6 {[%emt 0:01:39]} 30. fxe6 {[%emt 0:07:10]} fxe6 {[%emt 0:00:53]} 31. Rf1 {[%emt 0:02:04]} Ke7 {[%emt 0:01:56]} 32. g5 {[%emt 0:01:33]} hxg5 {[%emt 0:03:37]} 33. hxg5 {[%emt 0:00:10]} Nc6 {[%emt 0:01:13]} 34. Rh1 {[%emt 0:07:39]} Nxe5 {[%emt 0:01:12]} 35. Rxh7+ {[%emt 0:00:12]} Kd6 {[%emt 0:00:05]} 36. Rxb7 {[%emt 0:00:26]} Rxd3 {[%emt 0:01:07]} 37. Nc4+ {[%emt 0:00:48]} Kd5 {[%emt 0:00:10]} 38. Nxe5 {[%emt 0:00:52]} Re3+ {[%emt 0:00:32]} 39. Kd1 {[%emt 0:01:25]} Rxe5 {[%emt 0:00:25]} 40. Rd7+ {[%emt 0:01:22]} Kc6 {[%emt 0:00:55]} 41. b7 {[%emt 0:31:26]} Rxg5 {[%emt 0:30:22]} 42. b8=Q {[%emt 0:00:00]} Kxd7 {[%emt 0:00:00]} 43. Qa7+ {[%emt 0:00:00]} Kd6 {[%emt 0:00:00]} 44. Qxa6+ {[%emt 0:00:00]} Kd5 {[%emt 0:00:00]} 45. Qb5 {[%emt 0:00:00]} e5 {[%emt 0:00:00]} 46. a5 {[%emt 0:00:00]} e4 {[%emt 0:00:00]} 47. Qb7+ {[%emt 0:00:00]} Kc4 {[%emt 0:00:00]} 48. Qxe4 {[%emt 0:00:00]} Rg1+ {[%emt 0:00:00]} 49. Kc2 {[%emt 0:00:00]} Kb5 {[%emt 0:00:00]} 50. Qd5 {[%emt 0:00:00]} d3+ {[%emt 0:00:00]} 51. Kb2 {[%emt 0:00:00]} Kb4 {[%emt 0:00:00]} 52. Qxd3 {[%emt 0:00:00]} Kxa5 {[%emt 0:00:00]} 53. Qe3 {[%emt 0:00:00]} Rg2+ {[%emt 0:00:00]} 54. Kc1 {[%emt 0:00:00]} Kb5 {[%emt 0:00:00]} 55. Qb3+ {[%emt 0:00:00]} Ka5 {[%emt 0:00:00]} 56. Qd5 {[%emt 0:00:00]} Rg1+ {[%emt 0:00:00]} 57. Kc2 {[%emt 0:00:00]} Kb5 {[%emt 0:00:00]} 58. Qb7+ {[%emt 0:00:00]} Ka5 {[%emt 0:00:00]} 59. Kd3 {[%emt 0:00:00]} Rg3+ {[%emt 0:00:00]} 60. Kc4 {[%emt 0:00:00]} Rg4+ {[%emt 0:00:00]} 61. Kxc5 {[%emt 0:00:00]} Rg5+ {[%emt 0:00:00]} 62. Kc4 {[%emt 0:00:02]} Rg4+ {[%emt 0:00:00]} 63. Kc3 {[%emt 0:00:10]} Rg3+ {[%emt 0:00:00]} 64. Kc2 {[%emt 0:00:16]} Ra3 {[%emt 0:00:00]} 65. Qa7+ {[%emt 0:02:04]} Kb4 {[%emt 0:00:00]} 66. Qe7+ {[%emt 0:01:37]} Ka4 {[%emt 0:00:00]} 67. Qb7 {[%emt 0:01:21]} Ka5 {[%emt 0:00:12]} 68. Qd5+ {[%emt 0:00:34]} Kb4 {[%emt 0:00:29]} 69. Qd6+ {[%emt 0:00:30]} Ka4 {[%emt 0:00:10]} 70. Qc5 {[%emt 0:01:05]} Ra2+ {[%emt 0:00:12]} 71. Kc3 {[%emt 0:00:13]} Rc2+ {[%emt 0:00:04]} 72. Kxc2 {[%emt 0:00:14]} 1/2-1/2

[Event "FRA-ch Open A-D 2018"]
[Site "Nimes"]
[Date "2018.08.22"]
[Round "5"]
[White "Sabatier, Mathis"]
[Black "Ben Hamed, Cherif"]
[Result "1-0"]
[WhiteElo "1904"]
[BlackElo "1935"]
[Annotator "NA"]
[PlyCount "45"]
[EventDate "2018.08.18"]
[EventType "tourn"]
[EventCountry "FRA"]
[SourceTitle "playchess.com"]
[Source "ChessBase"]
[SourceQuality "1"]
[TimeControl "40/5400+30:1800+30"]

1. d4 {[%emt 0:00:00]} g6 {[%emt 0:00:00]} 2. c4 {[%emt 0:00:00]} c5 {[%emt 0:00:00]} 3. d5 {[%emt 0:00:11]} Bg7 {[%emt 0:00:10]} 4. Nc3 {[%emt 0:00:20]} Bxc3+ {[%emt 0:00:16]} 5. bxc3 {[%emt 0:00:09]} f5 $14 {[%emt 0:00:08] LiveBook: 425 Games} 6. Nf3 {[%emt 0:08:19]} Nf6 {[%emt 0:04:32]} 7. Qc2 {[%emt 0:02:55]} d6 {[%emt 0:04:04]} 8. Bf4 {[%emt 0:06:01]} Qa5 {[%emt 0:02:55]} 9. Nd2 {[%emt 0:03:36]} Nbd7 {[%emt 0:03:22]} 10. f3 {[%emt 0:07:19]} Nb6 {[%emt 0:07:00]} 11. e3 {[%emt 0:11:27]} Bd7 {[%emt 0:06:54]} 12. Bd3 {[%emt 0:02:25]} O-O-O {[%emt 0:01:01]} 13. O-O {[%emt 0:09:59]} e5 {[%emt 0:02:44]} 14. dxe6 {[%emt 0:03:06]} Bxe6 {[%emt 0:00:07]} 15. Rfb1 {[%emt 0:03:34]} Qa4 {[%emt 0:04:57]} 16. Qb2 {[%emt 0:04:36]} Rd7 {[%emt 0:07:37]} 17. Bc2 {[%emt 0:09:15]} Qa6 {[%emt 0:15:10]} 18. a4 {[%emt 0:03:06]} Re8 {[%emt 0:17:55]} 19. a5 {[%emt 0:01:31]} Nxc4 {[%emt 0:01:09]} 20. Qc1 {[%emt 0:00:16]} Nd5 {[%emt 0:05:32]} 21. Ba4 {[%emt 0:01:02]} Ncxe3 {[%emt 0:02:28]} 22. Bxe3 {[%emt 0:01:57]} Nxe3 {[%emt 0:01:30]} 23. Bb5 {[%emt 0:00:09]} 1-0

[Event "FRA-ch Open A-D 2018"]
[Site "Nimes"]
[Date "2018.08.22"]
[Round "5"]
[White "Pigeat, Benoit"]
[Black "Famel, Edouard"]
[Result "1/2-1/2"]
[WhiteElo "1868"]
[BlackElo "1762"]
[Annotator "NA"]
[PlyCount "86"]
[EventDate "2018.08.18"]
[EventType "tourn"]
[EventCountry "FRA"]
[SourceTitle "playchess.com"]
[Source "ChessBase"]
[SourceQuality "1"]
[TimeControl "40/5400+30:1800+30"]

1. e4 {[%emt 0:00:00]} c5 {[%emt 0:00:00]} 2. Nf3 {[%emt 0:00:24]} e6 {[%emt 0:00:00]} 3. c3 {[%emt 0:00:49]} Nf6 {[%emt 0:00:00]} 4. e5 {[%emt 0:00:27]} Nd5 {[%emt 0:00:02]} 5. d4 {[%emt 0:00:26]} cxd4 {[%emt 0:00:06]} 6. cxd4 {[%emt 0:00:08]} Nc6 $11 {[%emt 0:00:22] LiveBook: 309 Games} 7. Nc3 {[%emt 0:00:30]} d6 {[%emt 0:02:32]} 8. Bb5 {[%emt 0:04:57]} Bd7 {[%emt 0:15:28]} 9. Nxd5 {[%emt 0:03:57]} exd5 {[%emt 0:00:47]} 10. O-O {[%emt 0:00:17]} dxe5 {[%emt 0:00:47]} 11. Bxc6 {[%emt 0:02:58]} bxc6 {[%emt 0:00:35]} 12. Nxe5 {[%emt 0:00:06]} Be7 {[%emt 0:00:31]} 13. Bf4 {[%emt 0:01:26]} O-O {[%emt 0:01:04]} 14. Rc1 {[%emt 0:00:39]} Rc8 {[%emt 0:10:01]} 15. Qa4 {[%emt 0:01:06]} Bf6 {[%emt 0:01:00]} 16. Nxd7 {[%emt 0:02:24]} Qxd7 {[%emt 0:01:16]} 17. h3 {[%emt 0:01:30]} Rfe8 {[%emt 0:01:11]} 18. Rfe1 {[%emt 0:02:28]} Re6 {[%emt 0:12:53]} 19. Re3 {[%emt 0:07:21]} Rxe3 {[%emt 0:10:55]} 20. Bxe3 {[%emt 0:00:13]} h6 {[%emt 0:00:57]} 21. b4 {[%emt 0:00:48]} Qb7 22. b5 {[%emt 0:01:50]} cxb5 {[%emt 0:01:21]} 23. Rxc8+ {[%emt 0:00:04]} Qxc8 {[%emt 0:00:00]} 24. Qxb5 {[%emt 0:00:13]} Qd8 {[%emt 0:07:56]} 25. a4 {[%emt 0:01:03]} Bg5 {[%emt 0:02:29]} 26. Bxg5 {[%emt 0:04:35]} Qxg5 {[%emt 0:01:04]} 27. g3 {[%emt 0:01:21]} Qd8 {[%emt 0:11:37]} 28. a5 {[%emt 0:00:32]} Kh7 {[%emt 0:09:56]} 29. a6 {[%emt 0:00:16]} Qf6 {[%emt 0:02:46]} 30. Qb1+ {[%emt 0:02:27]} g6 {[%emt 0:00:47]} 31. Qb7 {[%emt 0:00:51]} Qxd4 {[%emt 0:01:21]} 32. Qxf7+ {[%emt 0:00:08]} Qg7 {[%emt 0:00:51]} 33. Qb7 {[%emt 0:01:34]} Kh8 {[%emt 0:00:59]} 34. Kg2 {[%emt 0:01:04]} Qd4 {[%emt 0:01:02]} 35. Qc8+ {[%emt 0:00:19]} Kg7 {[%emt 0:00:08]} 36. Qd7+ {[%emt 0:00:15]} Kf6 {[%emt 0:00:32]} 37. Qd6+ {[%emt 0:00:43]} Kf7 {[%emt 0:00:30]} 38. Qd7+ {[%emt 0:01:39]} Kf6 {[%emt 0:00:10]} 39. Qd8+ {[%emt 0:00:13]} Kf7 {[%emt 0:00:08]} 40. Qc7+ {[%emt 0:02:24]} Kf6 {[%emt 0:00:21]} 41. Qh7 {[%emt 0:30:24]} Qb6 {[%emt 0:33:51]} 42. Qh8+ {[%emt 0:01:26]} Kf7 {[%emt 0:01:06]} 43. Qh7+ {[%emt 0:00:58]} Kf6 {[%emt 0:00:50]} 1/2-1/2

[Event "FRA-ch Open A-D 2018"]
[Site "Nimes"]
[Date "2018.08.22"]
[Round "5"]
[White "Dimey, Cyrille"]
[Black "Destic, Pablo"]
[Result "*"]
[WhiteElo "1807"]
[BlackElo "1921"]
[Annotator "NA"]
[PlyCount "75"]
[EventDate "2018.08.18"]
[EventType "tourn"]
[EventCountry "FRA"]
[SourceTitle "playchess.com"]
[Source "ChessBase"]
[SourceQuality "1"]
[TimeControl "40/5400+30:1800+30"]

1. d4 {[%emt 0:00:00]} d5 {[%emt 0:00:00]} 2. c4 {[%emt 0:00:00]} e6 {[%emt 0:00:00]} 3. Nc3 {[%emt 0:00:00]} Nf6 {[%emt 0:00:00]} 4. cxd5 {[%emt 0:00:12]} exd5 {[%emt 0:00:00]} 5. Bg5 {[%emt 0:00:09]} Be7 {[%emt 0:00:32]} 6. e3 {[%emt 0:00:06]} c6 {[%emt 0:01:23]} 7. Bd3 {[%emt 0:00:06]} Ne4 {[%emt 0:06:46]} 8. Bxe7 {[%emt 0:01:12]} Qxe7 {[%emt 0:00:03]} 9. Qc2 {[%emt 0:02:37]} Nd6 {[%emt 0:04:10]} 10. Nf3 {[%emt 0:02:55]} Nd7 {[%emt 0:03:49]} 11. O-O {[%emt 0:02:06]} Nf6 {[%emt 0:06:25]} 12. b4 {[%emt 0:08:54]} Nfe4 {[%emt 0:06:54]} 13. a4 {[%emt 0:10:07]} O-O {[%emt 0:13:29]} 14. b5 {[%emt 0:05:57]} Nxc3 {[%emt 0:05:32]} 15. Qxc3 {[%emt 0:00:34]} cxb5 {[%emt 0:00:42]} 16. axb5 {[%emt 0:00:18]} Be6 {[%emt 0:00:45]} 17. Qb4 {[%emt 0:07:30]} Rfc8 {[%emt 0:02:18]} 18. Rfc1 {[%emt 0:02:00]} Rxc1+ {[%emt 0:02:11]} 19. Rxc1 {[%emt 0:00:06]} Rc8 {[%emt 0:00:18]} 20. Rxc8+ {[%emt 0:11:55]} Nxc8 {[%emt 0:04:38]} 21. Qc5 {[%emt 0:01:57]} Qd8 {[%emt 0:06:17]} 22. h3 {[%emt 0:06:37]} f6 {[%emt 0:03:05]} 23. Bc2 {[%emt 0:11:03]} Qd7 {[%emt 0:03:04]} 24. Nd2 {[%emt 0:06:52]} b6 {[%emt 0:02:57]} 25. Qb4 {[%emt 0:00:56]} Nd6 {[%emt 0:01:57]} 26. Bd3 {[%emt 0:00:24]} g6 {[%emt 0:02:25]} 27. Nb1 {[%emt 0:01:55]} Kf7 {[%emt 0:03:58]} 28. Nc3 {[%emt 0:01:03]} Qc7 {[%emt 0:02:05]} 29. Qb3 {[%emt 0:05:30]} Nc4 {[%emt 0:00:34]} 30. Be2 {[%emt 0:04:06]} f5 {[%emt 0:01:16]} 31. Qb4 {[%emt 0:01:39]} Qd6 {[%emt 0:04:52]} 32. Qxd6 {[%emt 0:01:24]} Nxd6 {[%emt 0:01:04]} 33. Bf3 {[%emt 0:00:03]} Ne4 {[%emt 0:00:21]} 34. Nxe4 {[%emt 0:00:17]} dxe4 {[%emt 0:00:31]} 35. Be2 {[%emt 0:00:20]} Ba2 {[%emt 0:02:53]} 36. g4 {[%emt 0:02:21]} Ke6 {[%emt 0:00:25]} 37. gxf5+ {[%emt 0:00:23]} gxf5 {[%emt 0:00:25]} 38. Kg2 {[%emt 0:00:33]} *

[Event "FRA-ch Open A-D 2018"]
[Site "Nimes"]
[Date "2018.08.22"]
[Round "5"]
[White "Alashtar, Aasef"]
[Black "Silvera, Ruben"]
[Result "1-0"]
[WhiteElo "1724"]
[BlackElo "1688"]
[Annotator "NA"]
[PlyCount "34"]
[EventDate "2018.08.18"]
[EventType "tourn"]
[EventCountry "FRA"]
[SourceTitle "playchess.com"]
[Source "ChessBase"]
[SourceQuality "1"]
[TimeControl "40/5400+30:1800+30"]

1. g3 {[%emt 0:00:00]} e5 {[%emt 0:00:00]} 2. Bg2 {[%emt 0:00:54]} d5 {[%emt 0:00:51]} 3. d3 {[%emt 0:04:11]} Nf6 {[%emt 0:00:42]} 4. Nd2 {[%emt 0:02:11]} Bd6 {[%emt 0:01:37]} 5. e4 {[%emt 0:00:51]} c6 {[%emt 0:00:22]} 6. Ne2 {[%emt 0:03:21]} Na6 {[%emt 0:17:32]} 7. O-O {[%emt 0:02:18]} h5 {[%emt 0:00:21]} 8. exd5 {[%emt 0:12:49]} cxd5 {[%emt 0:00:11]} 9. d4 {[%emt 0:01:36]} h4 {[%emt 0:02:31]} 10. dxe5 {[%emt 0:01:09]} Bxe5 {[%emt 0:00:10]} 11. Nf3 {[%emt 0:01:28]} Bd6 {[%emt 0:12:39]} 12. Nxh4 {[%emt 0:12:06]} Nc5 {[%emt 0:12:04]} 13. Bg5 {[%emt 0:16:24]} Ne6 {[%emt 0:04:44]} 14. Bxf6 {[%emt 0:02:40]} Qxf6 {[%emt 0:00:10]} 15. Qxd5 {[%emt 0:01:22]} Nc7 {[%emt 0:00:20]} 16. Qe4+ {[%emt 0:00:48]} Be6 {[%emt 0:00:47]} 17. Nd4 {[%emt 0:02:34]} Qd8 1-0

[Event "FRA-ch Open A-D 2018"]
[Site "Nimes"]
[Date "2018.08.22"]
[Round "5"]
[White "Rasolo, Loick"]
[Black "Sauret, Jordan"]
[Result "1-0"]
[WhiteElo "1723"]
[BlackElo "1543"]
[Annotator "NA"]
[PlyCount "65"]
[EventDate "2018.08.18"]
[EventType "tourn"]
[EventCountry "FRA"]
[SourceTitle "playchess.com"]
[Source "ChessBase"]
[SourceQuality "1"]
[TimeControl "40/5400+30:1800+30"]

1. e4 {[%emt 0:00:00]} e6 {[%emt 0:00:00]} 2. d4 {[%emt 0:00:00]} d5 {[%emt 0:01:23]} 3. exd5 {[%emt 0:04:12]} exd5 {[%emt 0:02:36]} 4. Nf3 {[%emt 0:00:53]} Bd6 {[%emt 0:01:41]} 5. Bd3 {[%emt 0:00:52]} Nf6 {[%emt 0:01:54]} 6. O-O {[%emt 0:00:56]} O-O {[%emt 0:01:13]} 7. Bg5 {[%emt 0:00:17]} Bg4 {[%emt 0:01:15]} 8. h3 {[%emt 0:00:20]} Bh5 {[%emt 0:00:43]} 9. g4 {[%emt 0:00:49]} Bg6 {[%emt 0:00:15]} 10. Ne5 {[%emt 0:00:47]} Nbd7 {[%emt 0:04:53]} 11. Nxd7 {[%emt 0:00:26]} Qxd7 {[%emt 0:00:05]} 12. Bxf6 {[%emt 0:00:12]} gxf6 {[%emt 0:00:04]} 13. Qf3 {[%emt 0:01:11]} Kg7 {[%emt 0:02:09]} 14. Nc3 {[%emt 0:02:29]} c6 {[%emt 0:00:27]} 15. Ne2 {[%emt 0:06:33]} Rfe8 {[%emt 0:04:51]} 16. Ng3 {[%emt 0:00:12]} Bxg3 {[%emt 0:02:06]} 17. fxg3 {[%emt 0:01:35]} Qe6 {[%emt 0:01:48]} 18. Rae1 {[%emt 0:00:51]} Be4 {[%emt 0:00:03]} 19. Qf4 {[%emt 0:03:24]} Rad8 {[%emt 0:09:47]} 20. Rf2 {[%emt 0:11:03]} Qd6 {[%emt 0:01:56]} 21. Rfe2 {[%emt 0:02:46]} Qxf4 {[%emt 0:01:31]} 22. gxf4 {[%emt 0:00:15]} f5 {[%emt 0:00:31]} 23. Kf2 {[%emt 0:12:50]} h5 {[%emt 0:00:56]} 24. gxf5 {[%emt 0:04:57]} Kf6 {[%emt 0:00:11]} 25. Bxe4 {[%emt 0:00:14]} dxe4 {[%emt 0:00:15]} 26. Rxe4 {[%emt 0:00:05]} Rxe4 {[%emt 0:02:05]} 27. Rxe4 {[%emt 0:01:00]} Rd5 {[%emt 0:00:54]} 28. Ke3 {[%emt 0:01:58]} Rb5 {[%emt 0:02:20]} 29. b3 {[%emt 0:00:21]} Ra5 {[%emt 0:00:03]} 30. a4 {[%emt 0:00:05]} b5 {[%emt 0:00:10]} 31. Re5 {[%emt 0:00:21]} a6 {[%emt 0:00:28]} 32. Rc5 {[%emt 0:00:44]} h4 {[%emt 0:03:28]} 33. Kd3 {[%emt 0:00:35]} 1-0